000 02172cam a2200169 4500500
005 20260426012532.0
041 _afre
042 _adc
100 1 0 _aBellais, Renaud
_eauthor
245 0 0 _aRecherche et défense, vers un nouveau partenariat ?
260 _c2005.
500 _a70
520 _aLa fin de la guerre froide a entraîné le délitement de la relation créée entre la science et la défense après la deuxième guerre mondiale. Les financements pour la recherche-développement de défense se sont taris au cours des années 1990. Les besoins en innovations et technologies des forces armées ont certes changé par rapport à la seconde moitié du XXème siècle, mais ils restent néanmoins importants pour faire face aux menaces potentielles et missions nouvelles. Un nouveau partenariat entre la défense et la science serait-il alors la solution pour conjuguer maîtrise des dépenses militaires et maintien de l'Europe à la pointe du progrès scientifique et technique ? Les évolutions récentes dans les relations entre État et marché ouvrent-elles la voie à de nouvelles formes de concrétisation de l'effort scientifique et technologique ?
520 _aResearch and defence. Towards a new paternship? The end of the Cold War weakened the relationship created between science and defence after World War II. Credits for defence R&D have been regularly reduced through the 1990s. Indeed armed forces' requirements for innovation and technology have evolved compared to the second half of the 20th century. Nevertheless they remain important since armed forces might face potential, emerging threats and have to manage new kinds of missions. Can a new partnership between science and defence be the solution in Europe to conjugate constrained military expenditures and a true, international leadership in science and technology? Do recent trends in relations between States and markets open the way for new forms of scientific and technological effort?
786 0 _nInnovations | 21 | 1 | 2005-03-01 | p. 145-166 | 1267-4982
856 4 1 _uhttps://shs.cairn.info/revue-innovations-2005-1-page-145?lang=fr&redirect-ssocas=7080
999 _c2224217
_d2224217